| 000 | 01357nam a2200373 a 4500 | ||
|---|---|---|---|
| 999 |
_c22653 _d22653 |
||
| 001 | C00604531 | ||
| 003 | OSt | ||
| 005 | 20221212111158.0 | ||
| 007 | ta | ||
| 008 | 220223s2021 pe a g 00010 spa | ||
| 020 | _a9786124732546 | ||
| 040 |
_aBiblioteca Municipal del Cusco _cbmc |
||
| 082 | 1 | 4 | _a985.0091 |
| 100 |
_aCummins, Thomas _93242 |
||
| 245 |
_aVida y obra Fray Martín de Murua / _cThomas Cummins y Juan Ossio, curadores. |
||
| 264 | 3 | 1 |
_aLima : _bEY, Ernest & Young Perú, _c2019. |
| 300 |
_a461 páginas. : _bilustraciones en color, facsimil, retratos ; _c29 cm. |
||
| 336 |
_aTexto _2rdacontent |
||
| 337 |
_asin mediación _2rdamedia |
||
| 500 | _aTexto con encuadernación en tapa dura. | ||
| 650 | 1 | 8 |
_aIncas _x-Historia. _948205 |
| 650 | 1 | 8 |
_aInkas _91899 |
| 650 | 2 | 8 |
_aIncas _x-Aspectos religiosos. _948772 |
| 650 | 2 | 8 |
_aIncas _x-Aspectos económicos _z-Perú. _948773 |
| 650 | 2 | 8 |
_aFray Martín de Murua _946497 |
| 650 | 2 | 8 |
_aCronistas _91200 |
| 650 | 2 | 8 |
_aCrónicas _948786 |
| 651 | 8 |
_aPerú _x-Historia _y-Época Prehispánica. _948011 |
|
| 700 |
_aOssio, Juan _ecurador _948787 |
||
| 710 | 2 |
_aEY, Ernst & Young Perú, _eentidad editora. _948776 |
|
| 856 |
_uhttps://assets.ey.com/content/dam/ey-sites/ey-com/es_pe/topics/growth/ey-vida-obra-fray-martin-murua-v2.pdf _zLeer en digital |
||
| 942 |
_2ddc _cLIBROS |
||